L'Eure en Image - Statistiques

Statistiques générales
  • Ce quiz a été pris 62 fois
    56 depuis la dernière actualisation
  • Le résultat moyen est 6 sur 18
Statistiques - réponses
Par images Hint Réponse % Correct
Marque de Fromage frais Boursin
90%
Préfecture Évreux
90%
Maison d'une chanteuse française (elle ne regrette rien) Édith Piaf
87%
Jardins naturels Les jardins de la maison de Claude Monet - Giverny
71%
Alcool a base de Poire Poiré
56%
Sous Préfecture Bernay
50%
Château Château Gaillard
50%
Boxeur français Alexis Vastine
29%
Auteur-Compositeur-Interprète Vincent Delerm
13%
Oiseau Grèbe Huppé
6%
Spécialité culinaire Mirliton de Pont Audemer
6%
Site naturel Vallée de l'Epte
6%
Chef d'entreprise Charles-Émile Hermès
4%
Évènement sportif Rallye des Boucles de Seine
4%
centre de formation Horti-Pôle
2%
Rivière La Calonne
2%
Surnom du drapeau normand Les p'tits cats
2%
Silex Pointe levallois Beuzeville
2%
Aucun quiz correspondant
Distribution des résultats
% des personnes avec chaque résultat
Percentile par nombre de réponses
Votre historique - résultats
Vous n’avez pas pris ce quiz depuis la dernière actualisation